أسرار العيون / (Record no. 16632)

MARC details
000 -الفاتح
حقل البيانات ثابتة الطول 00684nam a22001697a 4500
008 - عناصر البيانات ثابتة الطول - معلومات عامة
حقل البيانات ثابتة الطول 120404s1984 ua|||||r|||| 000 0 ara d
020 ## - الرقم الدولى المعيارى للكتب
الرقم الدولى المعيارى للكتاب 9771240544
082 ## - رقم تصنيف ديوى العشرى
رقم التصنيف 611.84
رقم المادة م ص ط
100 ## - المدخل الرئيسى - إسم شخصى
9 (RLIN) 29579
الإسم الشخصى مصطفى ، محمود صلاح الدين
245 ## - بيان العنوان
العنوان أسرار العيون /
بيان المسئوليه,etc محمود صلاح الدين مصطفى
260 ## - PUBLICATION, DISTRIBUTION, ETC. (IMPRINT)
مكان الناشر او الموزع القاهرة :
اسم الناشر او الموزع مؤسسة أخبار اليوم ،
تاريخ النشر أو التوزيع [1984؟]
300 ## - الوصف المادى
التعداد 156 ص :
تفاصيل ماديه اخرى للوعاء أيض ؛
أبعاد الوعاء 15 سم
650 ## - المدخل الاضافى بالموضوع-مصطلح موضوعى
9 (RLIN) 29580
مصطلح موضوعي أو اسم جغرافي كعنصر مدخل العيون
653 ## - مصطلح تكشيفى غير مقيد
Resource For college
Arrived date list April2012
942 ## - عناصر المدخل الإضافي( كوها)
مصدر التصنيف او مخطط الترفيف Dewey Decimal Classification
Koha [default] item type Book - Borrowing
Holdings
حالة التراجع حالة الفقد مصدر التصنيف او خطة الترفيف تحديد مواد ( مجلدات مجمعه أو جزء أخر) حالة تلف ليس للاعارة مجموعات كوها المكان الدائم المكان الحالي موقع الترفيف تاريخ الاكتساب Source of acquisition رقم الاستدعاء الباركود Date last seen مُعار نوع الوعاء
    Dewey Decimal Classification Lost_In_Inventory_11-6-2024       Central Library Central Library First floor 04/04/2012   611.84 م ص ط 000025926 15/07/2025 03/01/2017 Book - Borrowing